Normal view MARC view
  • Hanagal, .D David

Entry Personal Name

Number of records used in: 1

001 - CONTROL NUMBER

  • control field: 124066

003 - CONTROL NUMBER IDENTIFIER

  • control field: NUST

005 - DATE AND TIME OF LATEST TRANSACTION

  • control field: 20240704174105.0

008 - FIXED-LENGTH DATA ELEMENTS

  • fixed length control field: 240704|| aca||aabn | a|a d

040 ## - CATALOGING SOURCE

  • Original cataloging agency: NUST
  • Transcribing agency: NUST

100 ## - HEADING--PERSONAL NAME

  • Personal name: Hanagal, .D David

670 ## - SOURCE DATA FOUND

  • Source citation: Work cat.: (NUST): Hanagal, .D David, Introduction to Applied Statistics,, 2009.
© 2023 Central Library, National University of Sciences and Technology. All Rights Reserved.